Creative teaching methods / (Record no. 26893)
[ view plain ]
| 000 -LEADER | |
|---|---|
| fixed length control field | 00650nam a22002171a 4500 |
| 003 - CONTROL NUMBER IDENTIFIER | |
| control field | NEGST |
| 005 - DATE AND TIME OF LATEST TRANSACTION | |
| control field | 20170512020002.0 |
| 008 - FIXED-LENGTH DATA ELEMENTS--GENERAL INFORMATION | |
| fixed length control field | 030627s cou 001 0 eng d |
| 020 ## - INTERNATIONAL STANDARD BOOK NUMBER | |
| International Standard Book Number | 0781452562 |
| 100 1# - MAIN ENTRY--PERSONAL NAME | |
| Personal name | LeFever, Marlene D. |
| 245 10 - TITLE STATEMENT | |
| Title | Creative teaching methods / |
| Statement of responsibility, etc | Marlene D. LeFever. |
| 260 ## - PUBLICATION, DISTRIBUTION, ETC. (IMPRINT) | |
| Place of publication, distribution, etc | Colorado Springs, CO : |
| Name of publisher, distributor, etc | Cook Ministry Resources, |
| Date of publication, distribution, etc | c1985, 1996. |
| 300 ## - PHYSICAL DESCRIPTION | |
| Extent | 305 p. |
| 500 ## - GENERAL NOTE | |
| General note | Includes bibliographical references. |
| 590 ## - LOCAL NOTE (RLIN) | |
| Local note | Accession number: 22412 |
| 600 10 - SUBJECT ADDED ENTRY--PERSONAL NAME | |
| Personal name | Christian education |
| General subdivision | Teaching methods. |
| 650 #0 - SUBJECT ADDED ENTRY--TOPICAL TERM | |
| Topical term or geographic name as entry element | Christian education. |
| 650 #0 - SUBJECT ADDED ENTRY--TOPICAL TERM | |
| Topical term or geographic name as entry element | Teaching |
| General subdivision | Methodology. |
| 942 00 - ADDED ENTRY ELEMENTS (KOHA) | |
| Koha issues (borrowed), all copies | 49 |
| Withdrawn status | Lost status | Source of classification or shelving scheme | Damaged status | Not for loan | Collection code | Home library | Current library | Shelving location | Date acquired | Cost, normal purchase price | Total Checkouts | Total Renewals | Full call number | Barcode | Date last seen | Date checked out | Copy number | Price effective from | Koha item type | Source of acquisition |
|---|---|---|---|---|---|---|---|---|---|---|---|---|---|---|---|---|---|---|---|---|
| Library of Congress Classification | General Circulation | AIU/NEGST - Tony Wilmot Memorial Library | AIU/NEGST - Tony Wilmot Memorial Library | General Stacks | 01/06/2010 | 30.00 | 15 | 1 | BV 1534.L435 1985 | R05129F3232 | 09/26/2019 | 04/26/2017 | 1 | 01/06/2010 | Books | |||||
| Library of Congress Classification | General Circulation | AIU/NEGST - Tony Wilmot Memorial Library | AIU/NEGST - Tony Wilmot Memorial Library | General Stacks | 01/06/2010 | 30.00 | 18 | 1 | BV 1534.L435 1985 | R48779L3232 | 01/24/2023 | 01/19/2023 | 2 | 01/06/2010 | Books | Donation | ||||
| Library of Congress Classification | General Circulation | AIU/NEGST - Tony Wilmot Memorial Library | AIU/NEGST - Tony Wilmot Memorial Library | General Stacks | 01/06/2010 | 13.59 | 36 | 12 | BV 1534.L435 1985 | R49278X3232 | 03/14/2022 | 02/10/2022 | 3 | 01/06/2010 | Books | Amazon .com | ||||
| Library of Congress Classification | Textbook | AIU/NEGST - Tony Wilmot Memorial Library | AIU/NEGST - Tony Wilmot Memorial Library | Processing Center | 09/04/2024 | 25.00 | BV 1534.L435 1985 | T17246W3232 | 11/25/2024 | 4 | 11/25/2024 | Course text book (General) | Donation - Mary Wamae |
